Ký sinh trùng : Sách đào tạo Bác sĩ đa khoa
Đại cương về kí sinh trùng y học. Tổng quan về đơn bào; Trùng roi. Bệnh đơn bào lây truyền người và động vật. Đặc điểm sinh học của kí sinh trùng sốt rét. Bệnh sốt rét. Dịch tễ học sốt rét ở Việt Nam. Đại cương về giun sán, giun đũa......
Kaydedildi:
| Yazar: | |
|---|---|
| Materyal Türü: | Kitap |
| Dil: | Undetermined |
| Baskı/Yayın Bilgisi: |
Hà nội
Y học
2007
|
| Konular: | |
| Etiketler: |
Etiketle
Etiket eklenmemiş, İlk siz ekleyin!
|
| Thư viện lưu trữ: | Trung tâm Học liệu Trường Đại học Cần Thơ |
|---|
| LEADER | 00977nam a2200217Ia 4500 | ||
|---|---|---|---|
| 001 | CTU_154867 | ||
| 008 | 210402s9999 xx 000 0 und d | ||
| 020 | |c 60000 | ||
| 082 | |a 616.96 | ||
| 082 | |b Th121 | ||
| 100 | |a Phạm, Văn Thân | ||
| 245 | 0 | |a Ký sinh trùng : | |
| 245 | 0 | |b Sách đào tạo Bác sĩ đa khoa | |
| 245 | 0 | |c Phạm Văn Thân chủ biên | |
| 260 | |a Hà nội | ||
| 260 | |b Y học | ||
| 260 | |c 2007 | ||
| 520 | |a Đại cương về kí sinh trùng y học. Tổng quan về đơn bào; Trùng roi. Bệnh đơn bào lây truyền người và động vật. Đặc điểm sinh học của kí sinh trùng sốt rét. Bệnh sốt rét. Dịch tễ học sốt rét ở Việt Nam. Đại cương về giun sán, giun đũa... | ||
| 650 | |a Parasitology,Ký sinh trùng | ||
| 904 | |i Cẩm Thiêu,Hải | ||
| 980 | |a Trung tâm Học liệu Trường Đại học Cần Thơ | ||